Prentice Hall chemistry : (Record no. 16562)

000 -LEADER
fixed length control field 00643nam a2200205Ia 4500
020 ## - INTERNATIONAL STANDARD BOOK NUMBER
ISBN 0131273337
020 ## - INTERNATIONAL STANDARD BOOK NUMBER
ISBN 0131273418 (TE)
020 ## - INTERNATIONAL STANDARD BOOK NUMBER
ISBN 0131273663 (Lab. manual, TE)
040 ## - CATALOGING SOURCE
Transcribing agency CAU
082 ## - DEWEY DECIMAL CLASSIFICATION NUMBER
Classification number 540 PRE 1989 A109 Or.
100 1# - MAIN ENTRY--AUTHOR NAME
Personal name Dorin, Henry
245 10 - TITLE STATEMENT
Title Prentice Hall chemistry :
Remainder of title the study of matter /
250 ## - EDITION STATEMENT
Edition statement 4th ed
260 ## - PUBLICATION, DISTRIBUTION, ETC. (IMPRINT)
Place of publication Needham, Mass. :
Name of publisher Prentice Hall Inc.,
Year of publication c1989
300 ## - PHYSICAL DESCRIPTION
Number of Pages xv, 816 p. :
Other physical details ill. (some col.) ;
Dimensions 27 cm. +
Accompanying material 1 Teacher's ed + 1 Lab. manual, TE. + Teacher's resource + computer test bank
650 #0 - SUBJECT ADDED ENTRY--TOPICAL TERM
Topical Term Chemistry
700 1# - ADDED ENTRY--PERSONAL NAME
Personal name Demmin, Peter E
700 1# - ADDED ENTRY--PERSONAL NAME
Personal name Gabel, Dorothy L
942 ## - ADDED ENTRY ELEMENTS (KOHA)
Koha item type សៀវភៅភាសាអង់គ្លេស
952 ## - LOCATION AND ITEM INFORMATION (KOHA)
Withdrawn status [LOCAL, KOHA] 0
Holdings
Permanent Location Date acquired Koha item type Lost status Shelving location Barcode Current Location Full call number
Library Block A2018-03-06សៀវភៅភាសាអង់គ្លេស A008A07065Library Block A540 PRE 1989 A008 Or.
មជ្ឈមណ្ឌលឯការនៃសាកលវិទ្យាល័យភូមិន្ទកសិកម្មចំការដូង

Powered by Koha